000 01012nam a2200289 i 4500
003 DO-SdBNP
005 20241115104524.0
006 a||||gr|||| 00| 0
007 ta
008 230516e2023 rd a|||gr|||| 001 ubeng d
040 _aDO-SdBNP
_bspa
_cBNPHU
_erda
041 _aspa
082 4 _a220.5
_bB248a
_222
100 1 _aBaret, Víctor
_eautor
_4aut.
_935108
245 0 0 _aLos amiguitos de Dios :
_bhistorias bíblicas y otros recursos para la niñez /
_cVíctor Baret ; prólogo, Severina Marrero G.
250 _aPrimera edición
264 1 _aSanto Domingo :
_bEditora Búho,
_c2023.
300 _a178 páginas :
_bIlustraciones ;
_c22 cm.
336 _atexto
_btxt
_2rdaconten
337 _asin medición
_bn
_2rdamedia
338 _avolumen
_bnc
_2rdacarrier
590 _aInventariado 2023 / MF
650 7 _aVersiones de la biblia
_xLiteratura infantil
_2LEMB
_986809
700 1 _aMarrero G., Severina
_eprologuista
_4pr.
_983383
910 _aValidado. Control de calidad MFF
942 _2ddc
_cLBS1
999 _c53520
_d53520